Statistics for Spanish words by image

Click here to take the quiz!

General Stats

  • This quiz has been taken 19 times
  • The average score is 78 of 81

Answer Stats

QuestionTileSelect% Correct
HablarNo
100%
EspejoNo
100%
CorrerNo
100%
CorrerNo
100%
CorrerNo
100%
CorrerNo
100%
EspejoNo
100%
EspejoNo
100%
EspejoNo
100%
CorrerNo
100%
EspejoNo
100%
EspejoNo
100%
FlorYes
100%
FlorNo
100%
FlorNo
100%
FlorNo
100%
CorrerNo
100%
TiendaNo
100%
FlorNo
100%
HablarNo
100%
HablarNo
100%
HablarNo
100%
HablarNo
100%
HablarYes
100%
HablarNo
100%
HablarNo
100%
HablarNo
100%
TiendaNo
100%
TiendaNo
100%
TiendaYes
100%
TiendaNo
100%
TiendaNo
100%
TiendaNo
100%
TiendaNo
100%
TiendaNo
100%
FlorNo
100%
FlorNo
100%
FlorNo
100%
SolNo
100%
FlorNo
100%
SolNo
100%
SolNo
100%
SolYes
100%
SolNo
100%
SolNo
100%
SolNo
100%
SolNo
100%
SolNo
100%
VestidosNo
94%
VestidosNo
94%
VestidosNo
94%
VestidosNo
94%
VestidosNo
94%
VestidosNo
94%
SombreroNo
94%
SombreroNo
94%
SombreroNo
94%
SombreroNo
94%
SombreroNo
94%
SombreroNo
94%
VestidosNo
94%
CorrerNo
94%
CorrerNo
94%
AlimentosNo
94%
SombreroYes
94%
AlimentosNo
94%
CorrerYes
94%
EspejoNo
94%
SombreroNo
94%
AlimentosNo
94%
VestidosNo
88%
VestidosYes
88%
AlimentosNo
88%
AlimentosNo
88%
SombreroNo
88%
AlimentosNo
88%
AlimentosNo
88%
EspejoNo
81%
AlimentosNo
81%
EspejoYes
75%
AlimentosYes
63%

Score Distribution

Percentile by Number Answered

Percent of People with Each Score

Your Score History

You have not taken this quiz